[Event "Titled Tue 3rd Jan Late"]
[Site "chess.com INT"]
[Date "2025.06.03"]
[Round "10"]
[White "Cornelisse, Lorelei"]
[Black "Levano Loayza, Adriano Jaffet"]
[Result "1-0"]
[WhiteTitle "WFM"]
[BlackTitle "CM"]
[WhiteElo "2132"]
[BlackElo "2049"]
[WhiteFideId "1087177"]
[BlackFideId "3865584"]
[EventDate "2025.06.03"]

1. d4 Nf6 2. Nc3 e6 3. Bf4 d5 4. e3 c6 5. Bd3 Bd6 6. Bxd6 Qxd6 7. f4 O-O 8. Nf3
c5 9. O-O b6 10. Ne5 Bb7 11. Ne2 Ne4 12. c3 f6 13. Nf3 Nd7 14. Ng3 Nxg3 15. hxg3
e5 16. Nh4 e4 17. Nf5 Qc7 18. Qg4 Nb8 19. Bb5 Nc6 20. Kf2 cxd4 21. exd4 Rfe8 22.
Rh1 Bc8 23. Bxc6 Bxf5 24. Bxd5+ Kf8 25. Qxf5 e3+ 26. Ke1 Rad8 27. Rxh7 Rxd5 28.
Qxd5 1-0

[Event "Titled Tue 3rd Jan Late"]
[Site "chess.com INT"]
[Date "2025.06.03"]
[Round "10"]
[White "Silva, Luca"]
[Black "Saidov, Bilukhadzh"]
[Result "1-0"]
[WhiteTitle "FM"]
[BlackTitle "FM"]
[WhiteElo "2227"]
[BlackElo "2309"]
[WhiteFideId "147370"]
[BlackFideId "34165476"]
[EventDate "2025.06.03"]

1. e4 c5 2. d4 cxd4 3. c3 d5 4. exd5 Nf6 5. Bb5+ Bd7 6. Bc4 dxc3 7. Nxc3 g6 8.
Nf3 Bg7 9. O-O O-O 10. h3 Bf5 11. Re1 Ne8 12. Nd4 Nd6 13. Nxf5 gxf5 14. Bd3 Nd7
15. Bg5 Nf6 16. Qf3 Qd7 17. Re2 Rfe8 18. Rae1 a6 19. h4 h6 20. Bf4 Nde4 21. Nxe4
fxe4 22. Bxe4 Nxe4 23. Rxe4 Qxd5 24. Bxh6 Rad8 25. Qg3 1-0

[Event "Titled Tue 3rd Jan Late"]
[Site "chess.com INT"]
[Date "2025.06.03"]
[Round "10"]
[White "Kleimenov, Nikolay"]
[Black "Yanev, Tihomir"]
[Result "1-0"]
[WhiteTitle "CM"]
[BlackTitle "IM"]
[WhiteElo "2198"]
[BlackElo "2354"]
[WhiteFideId "34414223"]
[BlackFideId "2910110"]
[EventDate "2025.06.03"]

1. e4 e5 2. Nf3 Nc6 3. Bb5 a6 4. Ba4 Nf6 5. O-O Be7 6. d3 b5 7. Bb3 O-O 8. a3 d6
9. Nc3 Na5 10. Ba2 Bb7 11. b4 Nc6 12. Nd5 Nxd5 13. Bxd5 Qd7 14. c3 Nd8 15. Bxb7
Nxb7 16. d4 exd4 17. cxd4 c6 18. d5 c5 19. Bb2 Rfc8 20. Rc1 a5 21. bxc5 Nxc5 22.
Re1 Bf8 23. Nd4 b4 24. axb4 axb4 25. Nc6 Qb7 26. e5 Ra2 27. exd6 Rxb2 28. Rxc5
Bxd6 29. Ne7+ Bxe7 30. Rxe7 Qb8 31. Rxc8+ Qxc8 32. d6 Kf8 33. d7 Qd8 34. Re8+
Qxe8 35. Qd6+ 1-0

[Event "Titled Tue 3rd Jan Late"]
[Site "chess.com INT"]
[Date "2025.06.03"]
[Round "10"]
[White "Harriott, Tyrell"]
[Black "Fernandes, Rogerio Paulo Muller"]
[Result "0-1"]
[WhiteElo "1924"]
[BlackElo "2241"]
[WhiteFideId "2086484"]
[BlackFideId "2101599"]
[EventDate "2025.06.03"]

1. d4 Nf6 2. e3 c5 3. f4 b6 4. Nf3 Bb7 5. Bd3 g6 6. Nbd2 Bg7 7. O-O O-O 8. f5
Nc6 9. Qe1 Nb4 10. c3 Nxd3 11. Qh4 Nxc1 12. fxg6 Ne2+ 13. Kh1 fxg6 14. Rae1 cxd4
15. exd4 Ba6 16. c4 d5 0-1

[Event "Titled Tue 3rd Jan Late"]
[Site "chess.com INT"]
[Date "2025.06.03"]
[Round "10"]
[White "Alvarado, Carlos"]
[Black "Ozkan, Taha"]
[Result "0-1"]
[WhiteTitle "CM"]
[BlackTitle "FM"]
[WhiteElo "2032"]
[BlackElo "2247"]
[WhiteFideId "3800555"]
[BlackFideId "34577173"]
[EventDate "2025.06.03"]

1. Nf3 d5 2. b3 Nf6 3. Bb2 g6 4. e3 Bg7 5. Be2 O-O 6. O-O c5 7. c4 dxc4 8. bxc4
Nc6 9. Nc3 Bf5 10. Qb3 b6 11. Rad1 Na5 12. Qa3 Bc2 13. Rc1 Bd3 14. Rfd1 Nxc4 15.
Qb3 Nxb2 16. Qxb2 Ne4 17. Bxd3 Qxd3 18. Qb3 Nxc3 19. dxc3 Qf5 20. c4 Rfd8 21. h3
Bf6 22. a4 Qe6 23. Rd5 Rxd5 24. cxd5 Qe4 25. Rc4 Qxd5 26. Qb5 a6 27. Qb3 b5 28.
axb5 axb5 29. Qxb5 Ra1+ 30. Kh2 Qd6+ 31. g3 Qd1 0-1

[Event "Titled Tue 3rd Jan Late"]
[Site "chess.com INT"]
[Date "2025.06.03"]
[Round "10"]
[White "Tekeyev, Zaur"]
[Black "Ahmad, Khagan"]
[Result "0-1"]
[WhiteTitle "IM"]
[BlackTitle "IM"]
[WhiteElo "2417"]
[BlackElo "2405"]
[WhiteFideId "4199731"]
[BlackFideId "13431552"]
[EventDate "2025.06.03"]

1. e4 c5 2. Nf3 d6 3. Bb5+ Bd7 4. Bxd7+ Qxd7 5. c4 Nf6 6. Nc3 g6 7. d4 cxd4 8.
Nxd4 Bg7 9. f3 O-O 10. Be3 Rc8 11. Qd3 Nc6 12. b3 a6 13. Nxc6 Qxc6 14. Nd5 Nxd5
15. exd5 Qd7 16. Bd4 b5 17. Bxg7 Kxg7 18. Qd4+ Kg8 19. O-O bxc4 20. bxc4 Qa4 21.
Rfc1 Rc7 22. Rc3 Rac8 23. Rac1 Qxa2 24. h4 Qa5 25. Kh2 h5 26. R1c2 Rb8 27. g4
hxg4 28. Qxg4 Rb1 29. h5 Qa1 30. Qg2 Kg7 31. Re3 Qf6 32. Re4 Rcb7 33. hxg6 fxg6
34. Rce2 R1b2 35. Rxe7+ Rxe7 36. Rxb2 Qh4+ 37. Qh3 Qxc4 38. Rd2 Qf4+ 0-1

[Event "Titled Tue 3rd Jan Late"]
[Site "chess.com INT"]
[Date "2025.06.03"]
[Round "10"]
[White "Raptis, Nick"]
[Black "Kravtsiv, Martyn"]
[Result "0-1"]
[WhiteTitle "FM"]
[BlackTitle "GM"]
[WhiteElo "2220"]
[BlackElo "2598"]
[WhiteFideId "2016850"]
[BlackFideId "14113147"]
[EventDate "2025.06.03"]

1. d4 d5 2. Nc3 Nf6 3. Bg5 h6 4. Bh4 g6 5. e3 Bg7 6. f4 c5 7. Nf3 Qa5 8. Qd2
cxd4 9. exd4 Nc6 10. Bd3 O-O 11. O-O Bf5 12. Bxf5 gxf5 13. Ne5 e6 14. Bxf6 Bxf6
15. Rad1 Rfc8 16. a3 Nxe5 17. fxe5 Bg5 18. Qd3 Rc4 19. Ne2 Qb6 20. b4 a5 21. c3
axb4 22. axb4 Ra2 23. g4 fxg4 24. Rxf7 Kxf7 25. Qh7+ Ke8 26. Rf1 Rxe2 27. Rf7
Qxd4+ 28. cxd4 Rc1+ 29. Rf1 Be3+ 30. Kh1 Rxf1# 0-1

[Event "Titled Tue 3rd Jan Late"]
[Site "chess.com INT"]
[Date "2025.06.03"]
[Round "10"]
[White "Bustelo, Tabare"]
[Black "Calhoun, Luke"]
[Result "0-1"]
[WhiteTitle "CM"]
[WhiteElo "2043"]
[BlackElo "1985"]
[WhiteFideId "3000362"]
[BlackFideId "2064421"]
[EventDate "2025.06.03"]

1. d4 Nf6 2. Bg5 e6 3. f4 Be7 4. Nf3 d5 5. Nbd2 O-O 6. h4 Ng4 7. e4 Ne3 8. Qc1
Nxf1 9. Bxe7 Qxe7 10. Rxf1 c5 11. dxc5 Qxc5 12. Nb3 Qb4+ 13. Nfd2 dxe4 14. c3
Qe7 15. Nxe4 Qxh4+ 16. Nf2 Rd8 17. Qe3 Nc6 18. g3 Qe7 19. Nd2 e5 20. O-O-O Bf5
21. g4 Be6 22. Kb1 exf4 23. Qxf4 b5 24. Nde4 b4 25. g5 bxc3 26. Nxc3 Rab8 27.
Nfe4 Nb4 28. Nf6+ Kh8 29. Rxd8+ Qxd8 30. Rh1 Qd3+ 31. Ka1 Nc2+ 32. Kb1 Na3+ 33.
Ka1 Qb1+ 34. Rxb1 Nc2# 0-1

[Event "Titled Tue 3rd Jan Late"]
[Site "chess.com INT"]
[Date "2025.06.03"]
[Round "10"]
[White "Popov, Konstantin"]
[Black "Golizadeh, Asghar"]
[Result "1-0"]
[WhiteTitle "FM"]
[BlackTitle "GM"]
[WhiteElo "2378"]
[BlackElo "2457"]
[WhiteFideId "34137910"]
[BlackFideId "12505269"]
[EventDate "2025.06.03"]

1. e4 c5 2. Nf3 Nc6 3. d4 cxd4 4. Nxd4 g6 5. c4 Nf6 6. Nc3 d6 7. Be2 Nxd4 8.
Qxd4 Bg7 9. Be3 O-O 10. Qd2 a6 11. O-O Be6 12. Rad1 Qa5 13. f3 Rfc8 14. Nd5 Qxd2
15. Rxd2 Nxd5 16. cxd5 Bd7 17. Kf2 Bb5 18. Bxb5 axb5 19. b3 Ra3 20. Kg3 Rca8 21.
Rff2 Bc3 22. Rc2 b4 23. Rfe2 f5 24. exf5 gxf5 25. Bg5 Be5+ 26. f4 Bf6 27. Bxf6
exf6 28. Rc7 Rxa2 29. Ree7 Rb2 30. Rg7+ Kf8 31. Rxh7 Rxb3+ 32. Kh4 Kg8 33. Rcg7+
Kf8 34. Rxb7 Kg8 35. Rhd7 Rb2 36. Kh3 Rb3+ 37. g3 Rb2 38. Rxd6 Re8 39. Rxf6 Ree2
40. Kh4 Rxh2+ 41. Kg5 Rb3 42. Rg6+ Kf8 43. Kxf5 1-0

[Event "Titled Tue 3rd Jan Late"]
[Site "chess.com INT"]
[Date "2025.06.03"]
[Round "10"]
[White "Ali, Sebbar"]
[Black "Florescu, Codrut-Constantin"]
[Result "1-0"]
[WhiteTitle "IM"]
[BlackTitle "IM"]
[WhiteElo "2400"]
[BlackElo "2193"]
[WhiteFideId "8100977"]
[BlackFideId "1202200"]
[EventDate "2025.06.03"]

1. e4 c5 2. Nc3 Nc6 3. f4 e6 4. Nf3 d5 5. Bb5 Nf6 6. exd5 Nxd5 7. Bxc6+ bxc6 8.
d3 c4 9. d4 c5 10. O-O Be7 11. Nxd5 exd5 12. Be3 cxd4 13. Bxd4 O-O 14. Ne5 Bf5
15. Nc6 Qd7 16. Nxe7+ Qxe7 17. Qd2 Be4 18. f5 f6 19. Qf2 Qd7 20. c3 Rfe8 21. b4
cxb3 22. axb3 a6 23. b4 Qb5 24. Qg3 Kh8 25. Rf4 Qe2 26. Rg4 Re7 27. Rf1 Rae8 28.
h3 Qc2 29. Rgf4 Qd3 30. Qh4 Rf7 31. R1f2 Qb1+ 32. Kh2 Qd3 33. Qh5 Ref8 34. Rh4
h6 35. Qg6 Qb1 36. Rff4 Qc2 37. Rxh6+ gxh6 38. Qxh6+ 1-0

[Event "Titled Tue 3rd Jan Late"]
[Site "chess.com INT"]
[Date "2025.06.03"]
[Round "10"]
[White "Fedoryshyn, Ievgenii"]
[Black "Ferraz, Michel Liah"]
[Result "0-1"]
[WhiteTitle "FM"]
[WhiteElo "2278"]
[BlackElo "1998"]
[WhiteFideId "26095467"]
[BlackFideId "22743219"]
[EventDate "2025.06.03"]

1. Nf3 d5 2. g3 Nf6 3. Bg2 c5 4. O-O Nc6 5. c4 d4 6. e3 e5 7. exd4 exd4 8. a3 a5
9. b4 axb4 10. Bb2 Be7 11. axb4 Rxa1 12. Bxa1 Nxb4 13. Ne5 O-O 14. Na3 Bf5 15.
Re1 b6 16. Nb5 Re8 17. Qa4 Bd6 18. f4 Bxe5 19. fxe5 Ng4 20. Nd6 Bd7 21. Qa7 Rxe5
22. Rf1 Re7 23. Nb7 Qc7 24. Qa3 h6 25. Qf3 Nf6 26. h4 Bg4 27. Qf2 Be2 28. Re1
Nd3 0-1

[Event "Titled Tue 3rd Jan Late"]
[Site "chess.com INT"]
[Date "2025.06.03"]
[Round "10"]
[White "Hamedi Nia, Vesal"]
[Black "Carlsson, Ludvig"]
[Result "0-1"]
[WhiteTitle "WIM"]
[BlackTitle "IM"]
[WhiteElo "2010"]
[BlackElo "2374"]
[WhiteFideId "12542253"]
[BlackFideId "1727010"]
[EventDate "2025.06.03"]

1. d4 d5 2. c4 e6 3. Nc3 Nf6 4. Bg5 Nbd7 5. e3 Be7 6. Nf3 O-O 7. Rc1 dxc4 8.
Bxc4 c5 9. O-O a6 10. a4 cxd4 11. Nxd4 Ne5 12. Be2 Bd7 13. h3 Rc8 14. Qb3 Nc6
15. Qxb7 Nxd4 16. exd4 a5 17. Bb5 Bxb5 18. Nxb5 Rb8 19. Qf3 Nd5 20. Bxe7 Qxe7
21. Rc5 Rfd8 22. Rfc1 g6 23. Re1 Kg7 24. Rxd5 Qb4 25. Rde5 Qxb2 26. Qf4 Qb4 27.
Ra1 Qb2 28. Ree1 Kg8 29. Nd6 Rd7 30. Ne4 Rxd4 31. Nf6+ Kg7 32. Qe5 Rd2 33. Nh5+
Kf8 34. Qc5+ Kg8 35. Ng3 Qd4 36. Qxd4 Rxd4 37. Re4 Rd2 38. Re5 Rbb2 39. Ne4 Re2 0-1

[Event "Titled Tue 3rd Jan Late"]
[Site "chess.com INT"]
[Date "2025.06.03"]
[Round "10"]
[White "Noroozi, Omid"]
[Black "Araujo Filho, Luiz Antonio Coel"]
[Result "0-1"]
[WhiteTitle "IM"]
[WhiteElo "2266"]
[BlackElo "2077"]
[WhiteFideId "12501190"]
[BlackFideId "2130661"]
[EventDate "2025.06.03"]

1. c4 f5 2. Nf3 Nf6 3. g3 g6 4. Bg2 Bg7 5. O-O O-O 6. d4 d6 7. d5 c5 8. dxc6
Nxc6 9. Nc3 a6 10. Rb1 Qc7 11. Nd5 Nxd5 12. cxd5 Ne5 13. Nxe5 Bxe5 14. b4 Bd7
15. Bb2 Bxb2 16. Rxb2 Rac8 17. a4 Qc3 18. b5 Qxb2 19. e4 fxe4 20. Bxe4 axb5 21.
axb5 Bxb5 22. Qb1 Qxb1 23. Rxb1 Rc5 24. f4 Ra8 25. Kf2 Ra4 26. Ke3 Ra3+ 27. Kf2
Ba6 28. h4 Rc4 29. Re1 Ra2+ 30. Kf3 Kg7 31. Bb1 Ra3+ 32. Kg4 h5+ 33. Kh3 Kf7 34.
f5 g5 35. hxg5 h4 36. g6+ Kf8 37. g7+ Kxg7 38. Rxe7+ Kf8 39. Re6 Rxg3+ 40. Kh2
Rb4 41. Be4 Rb2+ 42. Kh1 Re3 43. Bg2 h3 44. Rxe3 hxg2+ 45. Kg1 Bc4 46. Rc3 Bxd5
47. Rc1 Kf7 48. f6 Kxf6 49. Rd1 Ke6 50. Re1+ Kf5 51. Rd1 Ke5 52. Re1+ Be4 53.
Rd1 d5 54. Re1 Kf4 55. Ra1 Rb1+ 56. Rxb1 Bxb1 57. Kxg2 Ke3 0-1

[Event "Titled Tue 3rd Jan Late"]
[Site "chess.com INT"]
[Date "2025.06.03"]
[Round "10"]
[White "Shi, Roger V"]
[Black "Gimeno Martos, Roberto"]
[Result "1-0"]
[BlackTitle "CM"]
[WhiteElo "2137"]
[BlackElo "2090"]
[WhiteFideId "30980119"]
[BlackFideId "2226804"]
[EventDate "2025.06.03"]

1. e4 c5 2. Nf3 Nc6 3. Bb5 a6 4. Bxc6 dxc6 5. O-O g6 6. c3 Bg7 7. d4 cxd4 8.
cxd4 Nf6 9. Nc3 O-O 10. Bg5 Qb6 11. Qc2 Bg4 12. Ne5 Be6 13. Rad1 h6 14. Bh4 g5
15. Bg3 Nd7 16. Nxd7 Bxd7 17. e5 Be6 18. h4 Rad8 19. hxg5 hxg5 20. Ne2 f5 21.
exf6 exf6 22. b3 Rd7 23. Rd2 Rfd8 24. Rfd1 Qa5 25. Qe4 Bf5 26. Qe3 c5 27. d5 Bg6
28. d6 Bf7 29. Qf3 c4 30. bxc4 Bxc4 31. Nc3 Bf7 32. Ne4 g4 33. Nxf6+ Kh8 34. Qf4
Qc3 35. Nxd7 Rxd7 36. Qxg4 Rd8 37. Qh4+ Kg8 38. Qxd8+ 1-0

[Event "Titled Tue 3rd Jan Late"]
[Site "chess.com INT"]
[Date "2025.06.03"]
[Round "10"]
[White "Perry, Patrick"]
[Black "Jankowiak, Tomasz"]
[Result "1-0"]
[BlackTitle "CM"]
[WhiteElo "2296"]
[BlackElo "2111"]
[WhiteFideId "30917727"]
[BlackFideId "1185357"]
[EventDate "2025.06.03"]

1. e4 c6 2. Nc3 d5 3. Qf3 d4 4. Bc4 e6 5. Nce2 Nd7 6. Qg3 Nb6 7. Bb3 c5 8. d3
Qd6 9. Bf4 Qc6 10. Nf3 Nf6 11. Ne5 Qb5 12. a4 Qa6 13. a5 Nbd7 14. Bc4 b5 15.
Nxd7 Bxd7 16. Bb3 Nh5 17. Qf3 Nxf4 18. Nxf4 Bd6 19. O-O O-O 20. Nh5 Be5 21. Qg4
g6 22. f4 Bh8 23. e5 c4 24. Ba2 Rfb8 25. Nf6+ Bxf6 26. exf6 Qc8 27. Qh4 Qf8 28.
dxc4 bxc4 29. Bxc4 Rxb2 30. Bd3 Bb5 31. Be4 Bxf1 32. Rxf1 Rc8 33. f5 exf5 34.
Bxf5 Rcxc2 35. Be4 Re2 36. Bf3 d3 37. Rd1 d2 38. Bxe2 Qc5+ 39. Kh1 1-0

[Event "Titled Tue 3rd Jan Late"]
[Site "chess.com INT"]
[Date "2025.06.03"]
[Round "10"]
[White "Zhukovskyi, Oleksandr"]
[Black "Holinka, Henning"]
[Result "0-1"]
[WhiteTitle "CM"]
[BlackTitle "FM"]
[WhiteElo "2153"]
[BlackElo "2303"]
[WhiteFideId "14169371"]
[BlackFideId "12967084"]
[EventDate "2025.06.03"]

1. b3 a5 2. Bb2 a4 3. e4 e6 4. f4 Nf6 5. Qf3 a3 6. Bc3 d5 7. e5 Ne4 8. Bd3 Nxc3
9. dxc3 f5 10. exf6 Qxf6 11. Ne2 Bc5 12. Nd2 O-O 13. Rb1 Nc6 14. b4 Bb6 15. Nb3
e5 16. Qxd5+ Be6 17. Qe4 exf4 18. Qxh7+ Kf7 19. Rf1 Be3 20. Nc5 Bxa2 21. Nd7 Qh6
22. Qf5+ Kg8 23. Qg4 Bxb1 24. Bc4+ Kh8 25. Rf3 a2 26. Rh3 a1=Q 27. Rxh6+ gxh6 0-1

[Event "Titled Tue 3rd Jan Late"]
[Site "chess.com INT"]
[Date "2025.06.03"]
[Round "10"]
[White "Tilahun, Abel Mathewos"]
[Black "Garcia Hernandez, Rebeca"]
[Result "1-0"]
[WhiteTitle "CM"]
[BlackTitle "WCM"]
[WhiteElo "1944"]
[BlackElo "1903"]
[WhiteFideId "15702391"]
[BlackFideId "5180872"]
[EventDate "2025.06.03"]

1. e4 c5 2. Nf3 a6 3. c4 d6 4. d4 cxd4 5. Nxd4 Nf6 6. Nc3 e6 7. Be3 Be7 8. f3
O-O 9. Be2 b6 10. O-O Bb7 11. Rc1 Nc6 12. a3 Rc8 13. Nxc6 Bxc6 14. b4 Nd7 15.
Qd2 Bb7 16. Rc2 Qc7 17. Rfc1 Qb8 18. Bf1 Rfd8 19. Nd1 Qa8 20. Nf2 d5 21. cxd5
exd5 22. Rxc8 Rxc8 23. Rxc8+ Qxc8 24. exd5 Bd6 25. Ne4 Qc7 26. Nxd6 Qxd6 27. Bc4
b5 28. Bb3 Nf6 29. Bc5 Qd7 30. d6 g6 31. Qd4 Ne8 32. h4 h5 33. Qe5 Bc6 34. Kf2
Kh7 35. Qe7 Qxe7 36. dxe7 Kg8 37. g4 hxg4 38. fxg4 Kg7 39. Kg3 f6 40. Be6 Kh7
41. Bc8 Kg7 42. Bxa6 Kf7 43. Bc8 Nc7 44. h5 gxh5 45. gxh5 Nd5 46. h6 Nxe7 47.
Bxe7 Kxe7 48. h7 1-0

[Event "Titled Tue 3rd Jan Late"]
[Site "chess.com INT"]
[Date "2025.06.03"]
[Round "10"]
[White "Metin, Enis"]
[Black "Borisov, Yuri"]
[Result "0-1"]
[BlackTitle "FM"]
[WhiteElo "2169"]
[BlackElo "2285"]
[WhiteFideId "26306948"]
[BlackFideId "1503928"]
[EventDate "2025.06.03"]

1. e4 e6 2. d4 d5 3. e5 c5 4. c3 Nc6 5. Nf3 Qb6 6. Be2 cxd4 7. cxd4 Nh6 8. Bxh6
Qxb2 9. Nbd2 gxh6 10. O-O Nxd4 11. Nxd4 Qxd4 12. Bb5+ Bd7 13. Bxd7+ Kxd7 14. Qe2
a6 15. Rab1 b5 16. Nb3 Qe4 17. Qh5 Qg6 18. Qf3 Rc8 19. a4 b4 20. Rfc1 Rc3 21.
Rxc3 bxc3 22. Rc1 Ba3 23. Rf1 Rc8 24. Qe2 Rc6 25. Nd4 Rc4 26. Nc2 Bc5 27. Kh1
Qe4 28. Qh5 Qxc2 29. Qxf7+ Be7 30. Qxh7 Qxh7 0-1

[Event "Titled Tue 3rd Jan Late"]
[Site "chess.com INT"]
[Date "2025.06.03"]
[Round "10"]
[White "Ocampos, Ian"]
[Black "Do Carmo, Gabriel Carckeno"]
[Result "1-0"]
[WhiteElo "2219"]
[BlackElo "2021"]
[WhiteFideId "117544"]
[BlackFideId "22783024"]
[EventDate "2025.06.03"]

1. d4 d5 2. c4 e6 3. g3 Nf6 4. Bg2 Be7 5. Nc3 O-O 6. Nf3 b6 7. Ne5 Bb7 8. g4
Nbd7 9. g5 Ne4 10. Nxd7 Qxd7 11. Nxe4 dxe4 12. h4 Rfd8 13. e3 c5 14. Qg4 cxd4
15. Bxe4 Bb4+ 16. Kf1 Ba6 17. Bxa8 Bxc4+ 18. Kg2 Rxa8 19. Qxd4 Qc6+ 20. f3 Bd5
21. Rf1 Qc2+ 22. Rf2 Qf5 23. Qxb4 Bxf3+ 24. Rxf3 Qc2+ 25. Rf2 Qc6+ 26. e4 Rc8
27. Bf4 a5 28. Qd4 Qb7 29. Rd1 g6 30. Be5 Re8 31. Bh8 e5 32. Bxe5 Qe7 33. Bf6
Qe6 34. e5 1-0

[Event "Titled Tue 3rd Jan Late"]
[Site "chess.com INT"]
[Date "2025.06.03"]
[Round "10"]
[White "Antoniou, Rafail"]
[Black "Dudin, Gleb"]
[Result "1-0"]
[WhiteTitle "CM"]
[BlackTitle "GM"]
[WhiteElo "2134"]
[BlackElo "2564"]
[WhiteFideId "5904390"]
[BlackFideId "34184934"]
[EventDate "2025.06.03"]

1. c4 e6 2. Nf3 d5 3. e3 Nf6 4. Nc3 b6 5. b3 Bb7 6. Bb2 Bd6 7. g3 O-O 8. Bg2
Nbd7 9. O-O dxc4 10. bxc4 e5 11. d4 Re8 12. Qb3 exd4 13. exd4 Ne4 14. Rfe1 Nxc3
15. Qxc3 Qf6 16. Qb3 Be4 17. d5 Qh6 18. Nh4 Nc5 19. Qb5 Kf8 20. Bxe4 Nxe4 21.
Nf5 Qd2 22. Bxg7+ Kg8 23. Bd4 Bc5 24. Rad1 Qxa2 25. Nh6+ Kf8 26. Qd7 Nd6 27. Qg4 1-0

[Event "Titled Tue 3rd Jan Late"]
[Site "chess.com INT"]
[Date "2025.06.03"]
[Round "10"]
[White "Erdogmus, Yagiz Kaan"]
[Black "Galchenko, Matvey"]
[Result "1-0"]
[WhiteTitle "GM"]
[BlackTitle "IM"]
[WhiteElo "2618"]
[BlackElo "2442"]
[WhiteFideId "44599790"]
[BlackFideId "24175480"]
[EventDate "2025.06.03"]

1. b3 e5 2. Bb2 Nc6 3. c4 Nf6 4. Nf3 e4 5. Nd4 Bc5 6. Nf5 O-O 7. Ng3 Bd4 8. Bxd4
Nxd4 9. Nc3 Re8 10. e3 Nc6 11. d3 exd3 12. Bxd3 d6 13. O-O Bg4 14. f3 Bd7 15.
Qd2 Ne5 16. Bc2 a6 17. f4 Nc6 18. e4 Ng4 19. h3 Qh4 20. Rf3 Nf6 21. Raf1 Rad8
22. Nd5 Nxd5 23. exd5 Ne7 24. f5 f6 25. Ne4 Kh8 26. Rf4 Qh5 27. Qf2 Ng8 28. Qg3
Re5 29. Rh4 Qf7 30. c5 dxc5 31. Qxe5 Bb5 32. Rd1 1-0

[Event "Titled Tue 3rd Jan Late"]
[Site "chess.com INT"]
[Date "2025.06.03"]
[Round "10"]
[White "Molinaroli, Martin"]
[Black "Bouzidi, Ahmed"]
[Result "0-1"]
[WhiteTitle "FM"]
[BlackTitle "CM"]
[WhiteElo "2161"]
[BlackElo "2172"]
[WhiteFideId "4606604"]
[BlackFideId "5501733"]
[EventDate "2025.06.03"]

1. b3 d5 2. Bb2 c5 3. e3 Nc6 4. Bb5 Nf6 5. Nf3 Bg4 6. h3 Bh5 7. g4 Bg6 8. Ne5
Rc8 9. h4 Nd7 10. Nxd7 Qxd7 11. h5 Bxc2 12. Qxc2 Qxg4 13. Qd1 Qg2 14. Rf1 a6 15.
Bxc6+ Rxc6 16. Nc3 d4 17. Ne2 e5 18. Rg1 Qh2 19. d3 Qxh5 20. Ng3 Qh2 21. Rh1 Qg2
22. Qe2 c4 23. dxc4 Bb4+ 24. Kd1 d3 25. Qg4 O-O 26. Qh3 Qf3+ 27. Kc1 Rh6 28. Qf1
Rxh1 29. Nxh1 Rd8 30. Qd1 d2+ 31. Kb1 Qe4+ 32. Qc2 d1=Q+ 0-1

[Event "Titled Tue 3rd Jan Late"]
[Site "chess.com INT"]
[Date "2025.06.03"]
[Round "10"]
[White "Omariev, Maksim"]
[Black "Orshonova, Elena"]
[Result "1-0"]
[WhiteTitle "FM"]
[BlackTitle "WFM"]
[WhiteElo "2304"]
[BlackElo "1948"]
[WhiteFideId "4193423"]
[BlackFideId "24174750"]
[EventDate "2025.06.03"]

1. a3 e5 2. b3 Nf6 3. c3 Nc6 4. d3 d5 5. e3 Be7 6. f3 O-O 7. g3 Re8 8. h3 e4 9.
dxe4 dxe4 10. Qxd8 Bxd8 11. f4 a5 12. Bb2 Be6 13. Nd2 h5 14. Bb5 Bd7 15. Ne2 Nd5
16. Kf2 Bf6 17. Rab1 Rad8 18. c4 Nb6 19. Bxf6 gxf6 20. Rbd1 a4 21. b4 Nb8 22.
Bxd7 Rxd7 23. c5 Nd5 24. Nc4 b5 25. Na5 c6 26. g4 hxg4 27. hxg4 Red8 28. Rd4 Kg7
29. Rxe4 Nc7 30. Rd4 Rxd4 31. Nxd4 Nd5 32. Naxc6 Nxc6 33. Nxc6 Rc8 34. Nd4 Nc3
35. Rc1 Ne4+ 36. Kf3 Nd2+ 37. Ke2 Nc4 38. Nxb5 Rb8 39. Rxc4 Rxb5 40. c6 Rb8 41.
c7 Rc8 42. b5 1-0

[Event "Titled Tue 3rd Jan Late"]
[Site "chess.com INT"]
[Date "2025.06.03"]
[Round "10"]
[White "Vifleemskaia, Svetlana"]
[Black "Radchenko, Alexey"]
[Result "0-1"]
[WhiteTitle "WFM"]
[BlackTitle "FM"]
[WhiteElo "1942"]
[BlackElo "2293"]
[WhiteFideId "4129490"]
[BlackFideId "4192362"]
[EventDate "2025.06.03"]

1. d4 d5 2. c4 c6 3. cxd5 cxd5 4. Bf4 Nc6 5. e3 Nf6 6. Nc3 e6 7. Bd3 Bd6 8. Bxd6
Qxd6 9. f4 a6 10. Nf3 b5 11. O-O Bb7 12. Ne5 O-O 13. Qf3 Ne7 14. Rac1 Rfc8 15.
g4 b4 16. Na4 Ne4 17. Qe2 f6 18. Nf3 h5 19. gxh5 Nf5 20. Bxe4 dxe4 21. Nd2 Bc6
22. Nc5 Bb5 23. Qg4 Bxf1 24. Nxf1 Nxd4 25. Nxe4 Qd8 26. Rxc8 Rxc8 27. exd4 Qxd4+
28. Nf2 Rc2 29. Qxe6+ Kf8 30. Ne3 Re2 31. Nfg4 Qxf4 32. Qc8+ Kf7 33. Qb7+ Kg8 0-1

[Event "Titled Tue 3rd Jan Late"]
[Site "chess.com INT"]
[Date "2025.06.03"]
[Round "10"]
[White "Rajaram, Rohan"]
[Black "Hadzovic, Amir"]
[Result "1-0"]
[WhiteTitle "CM"]
[BlackTitle "FM"]
[WhiteElo "2164"]
[BlackElo "2354"]
[WhiteFideId "30940729"]
[BlackFideId "14402300"]
[EventDate "2025.06.03"]

1. b3 e5 2. Bb2 d6 3. d3 Be7 4. Nd2 f5 5. e3 Nf6 6. Ngf3 O-O 7. Be2 c6 8. O-O
Na6 9. c4 Nc7 10. d4 e4 11. Ne1 d5 12. f3 Qe8 13. cxd5 Ncxd5 14. Nc2 Bd6 15.
fxe4 fxe4 16. Nc4 Qe7 17. Nxd6 Qxd6 18. Ba3 Qe6 19. Bxf8 Kxf8 20. Qd2 Kg8 21.
Nb4 Bd7 22. Nxd5 Nxd5 23. Bc4 Qg6 24. Bxd5+ cxd5 25. Rac1 h5 26. Rc5 Be6 27. Rc7
h4 28. Qf2 h3 29. Qg3 Qh6 30. gxh3 a5 31. Rxb7 a4 32. b4 a3 33. Re7 Rc8 34. b5
Rc3 35. Re8+ Kh7 36. Rf4 Rc1+ 37. Kf2 Rc2+ 38. Ke1 g5 39. Rff8 Kg7 40. Qc7+ Kg6
41. Rxe6+ Kh5 42. Rxh6+ Kxh6 43. Qxc2 1-0